| 000 | 01101nam a2200193 i 4500 | ||
|---|---|---|---|
| 001 | 173109 | ||
| 003 | ES-MaACL | ||
| 005 | 20230906215135.0 | ||
| 008 | 091102s1944 sp |||| | spa d | ||
| 080 | _a821.134.2-4(082) | ||
| 245 | 0 | 0 | _aCuadernos de Adán. |
| 260 |
_aMadrid : _bAdán, _c1944-45. |
||
| 300 |
_a2 v. ; _c23 cm. |
||
| 490 | 1 | _aLas mejores páginas literarias de... | |
| 505 | 8 | _aI.- José Ortega y Gasset [Ni vitalismo ni racionalismo]. Gregorio Marañón. [La leyenda de Don Juan] Manuel García Morente. [El mundo del niño]. Emilio García Gómez [Sobre el sentimiento de la belleza física en la poesía árabe]. Jose Camón Aznar. [El orden pitagórico en los mármoles griegos] 136 pag. + 3 hoj. -- II.- Wilhelm Dilthey. Las ciencias del espíritu.- [José Martinez Ruiz] Azorin: Ortega o El Orador.- Pedro Lain Entralgo: Un paisaje y sus inventores.- Pierre Sobit: El problema religioso del Krausismo.- Ricardo Baroja Carnaschu.- 167 pág. + 3 hoj. | |
| 830 | 0 |
_aLas mejores páginas literarias de... _9233535 |
|
| 852 |
_aES-MaACL _jE-4248-49 |
||
| 999 |
_c173109 _d173109 |
||